Maréchaux du premier empire - Statistiques

Statistiques générales
  • Ce quiz a été pris 157 fois
  • Le résultat moyen est 16 sur 26
Statistiques - réponses
Par images Réponse % Correct
Ney
95%
Murat
90%
Davout
89%
Lannes
85%
Soult
84%
Bernadotte
78%
Berthier
73%
Masséna
70%
Kellermann
67%
Gouvion Saint Cyr
66%
Macdonald
66%
Augereau
63%
Grouchy
63%
Bessières
62%
Mortier
58%
Sérurier
55%
Suchet
55%
Jourdan
52%
Marmont
52%
Oudinot
52%
Perrin dit Victor
52%
Brune
51%
Moncey
47%
Lefebvre
44%
Poniatowsky
42%
Pérignon
40%
Aucun quiz correspondant
Distribution des résultats
% des personnes avec chaque résultat
Percentile par nombre de réponses
Votre historique - résultats
Vous n’avez pas pris ce quiz